<?xml version="1.0" encoding="UTF-8"?>
<marc:record xmlns:marc="http://www.loc.gov/MARC21/slim">
   <marc:leader>00000nam a2200000 a 4500</marc:leader>
   <marc:datafield ind1=" " ind2=" " tag="653">
      <marc:subfield code="a">Softcover / Belletristik/Comic</marc:subfield>
   </marc:datafield>
   <marc:datafield ind1=" " ind2=" " tag="653">
      <marc:subfield code="a">Cartoon</marc:subfield>
   </marc:datafield>
   <marc:datafield ind1=" " ind2=" " tag="653">
      <marc:subfield code="a">Humor</marc:subfield>
   </marc:datafield>
   <marc:datafield ind1=" " ind2=" " tag="653">
      <marc:subfield code="a">Satire/Comic</marc:subfield>
   </marc:datafield>
   <marc:datafield ind1="0" ind2="0" tag="245">
      <marc:subfield code="a">Angor</marc:subfield>
   </marc:datafield>
   <marc:datafield ind1="0" ind2="0" tag="245">
      <marc:subfield code="c">Text Jean-Charles Gaudin. Zeichn. Dimitri Armand. [Aus dem Franz. von Monja Reichert. Bearb.: Steffen Haubner</marc:subfield>
   </marc:datafield>
   <marc:datafield ind1=" " ind2="1" tag="264">
      <marc:subfield code="a">Bielefeld</marc:subfield>
      <marc:subfield code="b">Splitter</marc:subfield>
      <marc:subfield code="c">2010</marc:subfield>
   </marc:datafield>
   <marc:datafield ind1="1" ind2=" " tag="490">
      <marc:subfield code="a">Angor</marc:subfield>
      <marc:subfield code="v">1</marc:subfield>
   </marc:datafield>
   <marc:datafield ind1=" " ind2=" " tag="250">
      <marc:subfield code="a">1. Aufl.</marc:subfield>
   </marc:datafield>
   <marc:datafield ind1="1" ind2=" " tag="520">
      <marc:subfield code="a">Angaben aus der Verlagsmeldung

Angor : Band 1. Flucht Angor / von Jean Ch Gaudin, Dimitri Armand

Drei Jugendliche, Talinn, Evrane und Corky, leben in einem kleinen Dorf des riesigen Reichs von Angor. Als Mitglieder der untersten Kaste ist ihre Zukunft als Bauern und Viehhirten an der Seite ihrer Eltern bereits vorgezeichnet. Doch die drei träumen von Abenteuern und Freiheit. Und so kehren sie eines Tages ihrer Heimat den Rücken und werden zufällig Zeugen eines Kampfes unter Rittern. Dabei fällt ihnen eine geheimnisvolle Kette in die Hände, von deren mächtigen Zauberkräften sie nichts ahnen.
Es ist der Beginn einer atemberaubenden Reise, die ihre kühnsten Träume übertifft.
</marc:subfield>
   </marc:datafield>
   <marc:datafield ind1=" " ind2=" " tag="020">
      <marc:subfield code="a">9783868691634</marc:subfield>
      <marc:subfield code="9">9783868691634</marc:subfield>
   </marc:datafield>
   <marc:datafield ind1=" " ind2=" " tag="041">
      <marc:subfield code="a">ger</marc:subfield>
   </marc:datafield>
   <marc:datafield ind1=" " ind2=" " tag="300">
      <marc:subfield code="a">47 S.</marc:subfield>
   </marc:datafield>
</marc:record>
